Overcoming Violence (Record no. 10141)

MARC details
000 -LEADER
fixed length control field 00635nam a2200253 a 4500
020 ## - INTERNATIONAL STANDARD BOOK NUMBER
ISBN 2825487
082 00 - DEWEY DECIMAL CLASSIFICATION NUMBER
Classification number 303.6
Author Cutter KAS
100 ## - MAIN ENTRY--AUTHOR NAME
Author name Kassmann, Margot
245 ## - TITLE STATEMENT
Title Overcoming Violence
260 ## - PUBLICATION, DISTRIBUTION, ETC. (IMPRINT)
Place of publication Geneva
Name of publisher WCC
Year of publication 1998
300 ## - PHYSICAL DESCRIPTION
Number of Pages 86p
500 ## - GENERAL NOTE
General note includes index and biblioraphy
505 2# - FORMATTED CONTENTS NOTE
Formatted contents note Bibliography, Glossary, Index
650 ## - SUBJECT ADDED ENTRY--TOPICAL TERM
Topical Term Violence-Religious
650 ## - SUBJECT ADDED ENTRY--TOPICAL TERM
Topical Term Aspects-Christianity
942 ## - ADDED ENTRY ELEMENTS (KOHA)
Koha item type Books
700 1# -
-- Kassmann, Margot
Holdings
Collection code Home library Current library Date acquired Cost, normal purchase price Full call number Accession Number Koha item type
  Henry Martyn Institute Library Henry Martyn Institute Library 08/26/2009 340.55 303.6 KAS 018462 Books
                   Copyright © 2026 | Henry Martyn Institute | Hyderabad | TS-500052 | INDIA | Implemented by hmi.edu.in
Hit-Count:

Powered by Koha